header

Going critical (Record no. 47672)

MARC details
000 -LEADER
fixed length control field 01381nam a2200337Ia 4500
100 1# - MAIN ENTRY--AUTHOR NAME
Personal name Wit, Joel S.
245 10 - TITLE STATEMENT
Title Going critical
260 ## - PUBLICATION, DISTRIBUTION, ETC. (IMPRINT)
Place of publication Washington, D.C. :
Name of publisher Brookings Institution Press,
Year of publication c2004.
300 ## - PHYSICAL DESCRIPTION
Number of Pages xviii, 474 p. :
Other physical details ill.
650 #0 - SUBJECT ADDED ENTRY--TOPICAL TERM
Topical Term Nuclear weapons
Topical Term World politics
700 1# - ADDED ENTRY--PERSONAL NAME
Personal name Poneman, Daniel.
Personal name Gallucci, Robert L.
856 40 - ELECTRONIC LOCATION AND ACCESS
Uniform Resource Identifier http://site.ebrary.com/lib/rucke/Doc?id=10063869

No items available.

© 2026 Rongo University
Contact us: librarian | system librarian | Rongo university